| Tag |
First Indicator |
Second Indicator |
Subfields |
| LEADER |
00000cam a2200000 a 4500 |
| 001 |
in00004490813 |
| 005 |
20191203081621.0 |
| 008 |
980813s1998 nyua b 001 0 eng |
| 010 |
|
|
|a 98039939
|
| 015 |
|
|
|a GB98-76015
|
| 019 |
|
|
|a 40231445
|
| 020 |
|
|
|a 0306459426 (hardcover)
|
| 035 |
|
|
|a (OCoLC)39747841
|
| 035 |
|
|
|9 AAH5790MS
|
| 035 |
|
|
|z (UtOrBLW)25668
|
| 035 |
|
|
|a 39468
|
| 040 |
|
|
|a DLC
|c DLC
|d COU
|d UKM
|d UtOrBLW
|
| 049 |
|
|
|a TMVM
|c 1
|
| 050 |
0 |
0 |
|a BF575.S75
|b H623 1998
|
| 082 |
0 |
0 |
|a 155.9/042
|2 21
|
| 096 |
|
|
|a WM 172
|b H682s 1998
|
| 100 |
1 |
|
|a Hobfoll, Stevan E.,
|d 1951-
|
| 245 |
1 |
0 |
|a Stress, culture, and community :
|b the psychology and philosophy of stress /
|c Stevan E. Hobfoll.
|
| 264 |
|
1 |
|a New York :
|b Plenum Press,
|c [1998]
|
| 264 |
|
4 |
|c ©1998
|
| 300 |
|
|
|a xvi, 296 pages :
|b illustrations ;
|c 24 cm.
|
| 336 |
|
|
|a text
|2 rdacontent
|b txt
|
| 337 |
|
|
|a unmediated
|2 rdamedia
|
| 338 |
|
|
|a volume
|2 rdacarrier
|b nc
|
| 490 |
1 |
|
|a The Plenum series on stress and coping
|
| 504 |
|
|
|a Includes bibliographical references (pages 265-286) and indexes.
|
| 650 |
|
2 |
|a Stress, Psychological.
|
| 650 |
|
2 |
|a Social Environment.
|
| 830 |
|
0 |
|a Plenum series on stress and coping.
|
| 999 |
|
|
|a MARS
|
| 999 |
f |
f |
|s ec106fec-c9fa-3e63-8533-51aca7a52705
|i 82630a13-2fb8-37b0-bfe2-1ce0ad566ba8
|t 0
|
| 952 |
f |
f |
|p ric
|a Texas A&M University
|b Rellis Campus
|c Joint Library Facility
|d Remote Storage
|t 0
|e WM 172 H682s 1998
|h National Library of Medicine classification
|i unmediated -- volume
|m 323890126894C
|
| 998 |
f |
f |
|a WM 172 H682s 1998
|t 0
|l Remote Storage
|